000
00311nam a22001217a 4500
008
250514b |||||||| |||| 00| 0 eng d
020
_a
0536750351
050
_a
HD58.7
_b
.K39
100
_a
Kayes Christopher D.
245
_a
Organizational Behavior
260
_a
USA
_b
Pearson Custom publishing
_c
2006
942
_c
BK
999
_c
3496
_d
3496